Central Library OPAC University of Rajshahi

Crossed-field microwave devices / (Record no. 14069)

MARC details
000 -LEADER
fixed length control field 01000cam a22002651 4500
001 - CONTROL NUMBER
control field 14069
003 - CONTROL NUMBER IDENTIFIER
rucl marc code BD-RjUL
005 - DATE AND TIME OF LATEST TRANSACTION
control field 20211208235551.0
008 - FIXED-LENGTH DATA ELEMENTS--GENERAL INFORMATION
fixed length control field 140205s1961 nyua 001 0 eng
035 ## - SYSTEM CONTROL NUMBER
System control number (BD-RjUL)14121
System control number (OCoLC)3599992
040 ## - CATALOGING SOURCE
Original cataloging agency DLC
Transcribing agency GAT
Modifying agency Uk
-- DLC
-- BD-RjUL
Language of cataloging eng
041 ## - LANGUAGE CODE
Language code of text/sound track or separate title eng
082 04 - DEWEY DECIMAL CLASSIFICATION NUMBER
Edition number 21
Classification number 621.381
Author mark and year CRO 1961
245 10 - TITLE STATEMENT
Title Crossed-field microwave devices /
Statement of responsibility, etc. Editor in chief: E. Okress; editors: G. Mourier, J. Feinstein [and] E. Kettlewell; assistant editor: G. R. Feaster.
Number of part/section of a work Volume II :
Name of part/section of a work Principal types of crossed-field devices. Analysis of oscillator system performance. Regional progress and trends.
260 ## - PUBLICATION, DISTRIBUTION, ETC. (IMPRINT)
Place of publication, distribution, etc. New York :
Name of publisher, distributor, etc. Academic Press,
Date of publication, distribution, etc. c1961.
300 ## - PHYSICAL DESCRIPTION
Pagination xxii, 520 p. :
Illustrations illus., diagrs., tables ;
Size 24 cm.
504 ## - BIBLIOGRAPHY, ETC. NOTE
Bibliography, etc Includes bibliographies and index.
650 #0 - SUBJECT ADDED ENTRY--TOPICAL TERM
Topical term or geographic name as entry element Electron tubes.
9 (RLIN) 42827
Topical term or geographic name as entry element Microwaves.
9 (RLIN) 43972
700 1# - ADDED ENTRY--PERSONAL NAME
Personal name Okress, E.,
942 ## - ADDED ENTRY ELEMENTS (KOHA)
Source of classification or shelving scheme Dewey Decimal Classification
Koha item type Books
Holdings
Lost status Source of classification or shelving scheme Materials specified (bound volume or other part) Damaged status Not for loan Collection code Permanent Location Current Location Shelving location Date acquired Source of acquisition Cost, normal purchase price Total Checkouts Full call number Date last seen Copy number Koha item type
  Dewey Decimal Classification V-2   Not For Loan Non-fiction Central Library, University of Rajshahi Central Library, University of Rajshahi Reading Room 19/12/1963 Zeitlinger 144.00   621.381 CRO 1961 05/02/2014 C-1 Books